000 00689nam a2200277Ia 4500
008 210210b2013 xxu||||| |||| 00| 0 eng d
020 _a9780195393019
041 _aeng
082 _a306.6 GOTR
100 _aGOTTSCHALK (Peter)
245 _aReligion, science and empire
_bClassifying Hinduism and Islam in British India
260 _aNew York
_bOxford University Press
_c2013
300 _axx,421
650 _ascience
650 _aReligion,
650 _aIslam
650 _aIndia
650 _ain
650 _aHinduism
650 _aempire
650 _aClassifying
650 _aBritish
650 _aand
690 _aSociology of Religion
906 _a067689
999 _c152360
_d152360